000 00823nmm a2200265 a 4500
003 AR-BaBNM
005 20251128211206.0
008 223020s2001 ||||||||||||||000 | spa||
020 _a950-808-328-X
040 _cAR-BaBNM
100 1 _aRomero, Pedro
245 1 0 _aNotas sobre la escuelas
_bla obligación cuestionada
260 _aRosario
_bHomo Sapiens Ediciones
_c2001
300 0 _a115 p.
500 0 _aRecopilación y adaptación de notas periodísticas realizadas por los autores sobre temas educativos
650 4 _aFINALIDADES DE LA EDUCACION
650 4 _aSINDICATOS DE DOCENTES
650 4 _aSOCIOLOGIA DE LA EDUCACION
650 4 _aPERFECCIONAMIENTO DEL DOCENTE
650 4 _aRELACION FAMILIA-ESCUELA
653 0 _aFRACASO ESCOLAR
700 1 _aRomero, José
942 _cBK
998 _calicia
999 _c18648
_d18648